Forest canopies
Αποθηκεύτηκε σε:
| Άλλοι συγγραφείς: | , |
|---|---|
| Μορφή: | Βιβλίο |
| Γλώσσα: | English |
| Δημοσίευση: |
San Diego :
Academic Press,
c1995
|
| Σειρά: | Physiological ecology
|
| Θέματα: | |
| Ετικέτες: |
Προσθήκη ετικέτας
Δεν υπάρχουν, Καταχωρήστε ετικέτα πρώτοι!
|
MARC
| LEADER | 00000nam a2200000 i 4500 | ||
|---|---|---|---|
| 001 | 1/101185 | ||
| 008 | 000208s1995 eng d | ||
| 020 | |a 0124576508 | ||
| 035 | |l 10057579 | ||
| 040 | |a GR-MY-UA |b gre |e aacr | ||
| 041 | 0 | |a eng | |
| 082 | 0 | |a 574.52642 | |
| 245 | 1 | 0 | |a Forest canopies / |c edited by Margaret D. Lowman, .Nalini M. Nadkarni |
| 260 | |a San Diego : |b Academic Press, |c c1995 | ||
| 300 | |a 624 p. | ||
| 490 | 1 | |a Physiological ecology | |
| 504 | |a Includes bibliographical references and index | ||
| 650 | 0 | 0 | |a Forest canopy ecology. |
| 650 | 0 | 0 | |a Forest canopies. |
| 700 | 1 | |a Lowman, Margaret. |4 edt | |
| 700 | 1 | |a Nadkarni, Nalini Moreshwar. |4 edt | |
| 830 | 0 | |a Physiological ecology | |
| 852 | |a INST |b LESVOS |e 20000208 |h 574.52642 FOR |p 005100021602 |q 005100021602 |t BK |y 0 | ||
| 901 | |a BIBL1-2000-1 | ||
| 909 | |a Λ |b 073369 | ||
| 922 | |a 1ΕΛΗ |b 199912 |c ΚΠΣ/ΤΠ |d GLORY | ||
| 950 | |a 107-1999-12-22 | ||
| 970 | |a ΤΖΑΦΕΡΗ |b ΕΥΑΓΓΕΛΙΑ |z 2000/02/11 | ||